00519nam a22001817a 450000500170000001000140001702000260003102000230005703500130008003700130009308200120010610000200011824500650013826000450020327000410024830000290028950000190031820100727142730.0 aENG-97189 a9780198066316c395.00 a0198066317c395.00 aEN-80722 bDBAD/PUB a954.025 aMoosvi, Shireen apeople taxation and trade in Mughal Indiacby Shireen Moosvi aNew Delhiboxford university pressc2010 aYMCA library Building Jai Singh Road axxxv,304 pc21 cm. (pbk) aincludes index